000 00710nam a22002177a 4500
003 UA-OsUOA
001 171
007 ta
008 20050519b un ||||| |||| 00| 0 ukr d
090 _a81
_bН34
942 _cBK
040 _aUA-OsUOA
_bukr
_cUA-OsUOA
_dUA-OsUOA
245 _aНаукові записки Ніжинського державного університету
_cРед. Г.В.Самойленко
300 _a138 с.
955 _a1
041 _aukr
080 _a81
260 _aНіжин
_bДержавний університет
_c2004
650 7 _a8 Мовознавство. Художня література. Літературознавство
_2UDC
999 _c286334
_d286334